Normal view
MARC view
Entry Personal Name
001 - CONTROL NUMBER
- control field: 43280
003 - CONTROL NUMBER IDENTIFIER
- control field: ARRUPE
005 - DATE AND TIME OF LATEST TRANSACTION
- control field: 20181107091954.0
008 - FIXED-LENGTH DATA ELEMENTS
- fixed length control field: 181107|| aca||aabn | a|a d
040 ## - CATALOGING SOURCE
- Original cataloging agency: ARRUPE
- Transcribing agency: ARRUPE
100 ## - HEADING--PERSONAL NAME
- Personal name: Chigona, Gerard
670 ## - SOURCE DATA FOUND
- Source citation: Work cat.: (ARRUPE): Chigona, Gerard, Coming together:, 2008